Ultimate Disney Villainous Quiz - Statistics

General Stats
  • This quiz has been taken 43 times
    26 since last reset
  • The average score is 194 of 777
Answer Stats
What Which Villain/Box ? Answers % Correct
Villain Villain 24 Shere Khan
94%
Villain Villain 11 Scar
89%
Villain Villain 1 Captain Hook
83%
Villain Villain 7 Dr. Facilier
83%
Villain Villain 16 Gaston
83%
Card Name Gus
83%
Villain Villain 9 Hades
83%
Villain Villain 2 Jafar
83%
Villain Villain 3 Maleficent
83%
Villain Villain 6 Ursula
83%
Villain Villain 8 Evil Queen
78%
Villain Villain 18 Lady Tremaine
78%
Villain Villain 20 Madam Mim
78%
Villain Villain 15 Pete
78%
Villain Villain 5 Queen Of Hearts
78%
Card Name The King
78%
Card Name Captain
72%
Card Name x2 Cruel
72%
Villain Villain 13 Cruella De Vil
72%
Box N/A Introduction To Evil
72%
Villain Villain 14 Mother Gothel
72%
Villain Villain 22 Oogie Boogie
72%
Card Type Box 5 Prince
72%
Villain Villain 4 Prince John
72%
Villain Villain 10 Ratigan
72%
Card Name The Prince
72%
Villain Villain 12 Yzma
72%
Villain Villain 17 Horned King
67%
Villain Villain 19 Lotso
67%
Villain Villain 21 Syndrome
67%
Card Name Bell
61%
Box N/A Evil Comes Prepared
61%
Villain Villain 23 King Candy
61%
Card Name Tinker Bell
61%
Card Name x1 Beast
56%
Box N/A Bigger And Badder
56%
Card Name Eric
56%
Card Name Go!
56%
Card Name Phil
56%
Card Name Smee
56%
Box N/A Sugar And Spite
56%
Box N/A The Worst Takes It All
56%
Card Type Box 1 Ally
50%
Location Cave of Wonders
50%
Card Type Box 1 Effect
50%
Card Type Box 1 Hero
50%
Card Name Little John
50%
Box N/A Perfectly Wretched
50%
Card Name Peter Pan
50%
Card Name Tile Rapunzel
50%
Card Name Tiana
50%
Box N/A Wicked To The Core
50%
Card Name Belle
44%
Card Name Cinderella
44%
Card Type Box 1 Condition
44%
Box N/A Despicable Plots
44%
Box N/A Filled With Fright
44%
Card Name Flotsam
44%
Card Name Flounder
44%
Card Name Hen Wen
44%
Card Type Box 1 Item
44%
Card Name Jetsam
44%
Card Name x1 John
44%
Location Villain 1's Locations Jolly Roger
44%
Card Name King Triton
44%
Location Oasis
44%
Card Name Sebastian
44%
Location Villain 4's Locations Sherwood Forest
44%
Card Name Sultan
44%
Location Villain 2's Locations Sultan's Palace
44%
Location The Castle
44%
Location The Forest
44%
Location | Villain 12's Locations The Palace
44%
Location Villain 6's Locations Ursula's Lair
44%
Card Name White Rabbit
44%
Card Name Aladdin
39%
Card Name x1 Alan-a-Dale
39%
Card Name x1 Alice
39%
Card Name x1 Ariel
39%
Card Name x1 Aurora
39%
Card Name Cheshire Cat
39%
Location Villain 18's Locations Cinderella's Room
39%
Card Name Cogsworth
39%
Location Corona
39%
Card Type Box 1 Curse
39%
Card Name Donald Duck
39%
Location Eric's Ship
39%
Card Name Flaversham
39%
Card Name Friar Tuck
39%
Card Name Hydra
39%
Card Type Box 2 Ingredient
39%
Card Name Villain 24's Villain Cards x1 Kaa
39%
Card Name Magic Lamp
39%
Card Name Max
39%
Card Name Michael
39%
Card Name Mickey Mouse
39%
Card Name Naveen
39%
Location Nottingham
39%
Card Type Box 6 Omnidroid
39%
Card Name Prince Phillip
39%
Location Villain 13's Locations Radcliffe House
39%
Location Villain 14's Locations Rapunzel's Tower
39%
Card Name Sheriff of Nottingham
39%
Location Skull Rock
39%
Card Name Snow White
39%
Location Streets of Agrabah
39%
Location The Ballroom
39%
Location The Gardens
39%
Location The Jail
39%
Location The Swamp
39%
Card Type Box 2 Titan
39%
Location White Rabbit's House
39%
Card Name x1 Abu
33%
Card Name x1 Anastasia
33%
Card Name Baloo
33%
Card Name x1 Banzai the Hyena
33%
Card Name x1 Bashful
33%
Location Beast's Castle
33%
Location Villain 16's Locations Belle's House
33%
Location Big Ben
33%
Card Name Bird Arthur
33%
Location Briar Rose's Cottage
33%
Location Buckingham Palace
33%
Card Name Tile Buzz Lightyear
33%
Card Name Carpet
33%
Card Name Cerberus
33%
Card Name x1 Clarabelle Cow
33%
Location Countryside
33%
Card Name | x1 Crown
33%
Card Name Tile Demo Mode Buzz Lightyear
33%
Card Name Doc
33%
Card Name Dopey
33%
Location Downtown Metroville
33%
Location Dueling Ground
33%
Location Dungeons
33%
Location Dwarfs' Cottage
33%
Card Name Ed the Hyena
33%
Location Elephant Graveyard
33%
Card Name Fair Folk
33%
Location Fair Folk Kingdom
33%
Card Name Fauna
33%
Location Flaversham's Toy Shop
33%
Card Name Flora
33%
Card Name x1 Flynn Rider
33%
Location Villain 3's Locations Forbidden Mountains
33%
Location Friar Tuck's Church
33%
Card Name Goofy
33%
Card Name Grumpy
33%
Card Name Hamm
33%
Location Hangman's Tree
33%
Card Name Happy
33%
Location Hedge Maze
33%
Location Hell Hall
33%
Card Name x1 Hera
33%
Card Name Hercules
33%
Card Name Jack-Jack
33%
Card Name Jessie
33%
Card Name Kronk
33%
Card Name Kuzco
33%
Location Villain 8's Locations Laboratory
33%
Card Name Lefou
33%
Card Name Louis
33%
Card Name Lucifer
33%
Card Name Lumiere
33%
Location Madam Mim's Cottage
33%
Card Name Mama Odie
33%
Card Name Megara
33%
Location Mermaid Lagoon
33%
Card Name Merryweather
33%
Location Milk Farm
33%
Card Name Minnie Mouse
33%
Location Villain 17's Locations Morva
33%
Location Mount Olympus
33%
Card Name Mowgli
33%
Card Name x1 Mufasa
33%
Card Name Nala
33%
Card Name Pacha
33%
Card Name Pain
33%
Card Name PaniC
33%
Card Name Pascal
33%
Card Name Pluto
33%
Card Name Pride
33%
Location Villain 11's Locations Pride Rock
33%
Card Name Princess Jasmine
33%
Card Name x1 Raven
33%
Card Name Ray
33%
Card Name Rex
33%
Card Name Robin Hood
33%
Card Name Shenzi the Hyena
33%
Card Name Simba
33%
Card Name Sleepy
33%
Card Name Sneezy
33%
Card Name Talisman
33%
Location The Bayou
33%
Location Thebes
33%
Location The Gorge
33%
Location The Jungle
33%
Location The Mine
33%
Location The Music Room
33%
Location The Parade
33%
Location The Savanna
33%
Location The Shore
33%
Location The Snuggly Duckling
33%
Location The Tavern
33%
Location Villain 9's Locations The Underworld
33%
Location | Villain 20's Locations The Woods
33%
Card Name Throne
33%
Card Type Box 6 Transformation
33%
Location Tulgey Wood
33%
Location Villain 7's Locations Voodoo Emporium
33%
Card Name Wendy
33%
Card Name x1 Arges
28%
Card Name Villain 24's Fate Cards x1 Bagheera
28%
Card Name Ball Gown Anastasia
28%
Card Name Villain 15's Villain Deck x7 Bandit
28%
Card Name Bartholomew
28%
Card Name x1 Basil
28%
Card Name Villain 6's Villain Cards x6 Binding Contract
28%
Card Name x1 Cane
28%
Card Name Caterpillar
28%
Location Villain 19's Locations Caterpillar Room
28%
Card Name x1 Cauldron
28%
Card Name Chaca
28%
Card Name Charlotte
28%
Location Villain 5's Locations Courtyard
28%
Card Name Dodo
28%
Card Name Drizella
28%
Card Name Fairy Godmother
28%
Location Villain 15's Locations Frontier Town
28%
Card Name Genie
28%
Card Name Grimsby
28%
Card Name | Villain 3's Fate Cards x3 Guards
28%
Card Name Hermes
28%
Card Name Horace
28%
Card Name x3 Horse
28%
Card Name Iago
28%
Card Name Jaq
28%
Card Name Jasper
28%
Card Name King Hubert
28%
Card Name King Stefan
28%
Card Name Lady Kluck
28%
Card Name Lawrence
28%
Card Name x2 Lost Boys
28%
Card Name Mad Hatter
28%
Card Name Magic Mirror
28%
Card Name Maid Marian
28%
Card Name March Hare
28%
Card Name Maurice
28%
Card Name Maximus
28%
Card Name Merlin
28%
Card Name Midnight
28%
Card Name x1 Mirage
28%
Card Name Mr. Incredible
28%
Card Name Mrs. Potts and Chip
28%
Card Name Mr. Starkey
28%
Location Mudka's Meat Hut
28%
Card Name Mummy Dust
28%
Location Nomanisan Island
28%
Card Name Opportunist
28%
Location Pacha's House
28%
Card Name Parrot
28%
Location Villain 21's Locations Parr Residence
28%
Card Name Pegasus
28%
Location Podunk Landing
28%
Card Name Pongo
28%
Card Name Pumbaa
28%
Card Name Rafiki
28%
Card Name Rafiki's Stick
28%
Card Name Rajah
28%
Card Name Razoul
28%
Card Name Rule New Orleans
28%
Card Name Sarabi
28%
Card Name Scimitar
28%
Card Name Scuttle
28%
Location Service Station
28%
Card Name Sir Hiss
28%
Location The Airport
28%
Location The Library
28%
Location The Playground
28%
Location Villain 10's Locations The Secret Lair
28%
Location Throne Room
28%
Location Tiana's Place
28%
Card Name Timon
28%
Card Name Tipo
28%
Card Name Toby
28%
Card Name Trident
28%
Card Name Tweedle Dee & Tweedle Dum
28%
Card Name Woody
28%
Card Name Zazu
28%
Card Name Zeus
28%
Card Name x2 Achilles' Heel
22%
Card Name x1 Airship
22%
Card Name Villain 7's Fate Cards x3 Almost There
22%
Card Name x1 Anita and Roger
22%
Card Name x1 Archimedes
22%
Card Name x2 Arrogance
22%
Card Name x2 A Snake, Am I?
22%
Card Name x2 Aye, Aye, Sir!
22%
Card Name x1 Ball Gown Cinderella
22%
Card Name Ball Gown Drizella
22%
Card Name Villain 4's Villain Cards x3 Beautiful, Lovely Taxes
22%
Card Name x3 Be Prepared
22%
Card Name x1 Big Daddy La Bouff
22%
Card Name x2 Black Magic
22%
Card Name Black of Night
22%
Card Name Villain 1's Villain Cards x3 Boarding Party
22%
Card Name x2 Bow and Arrows
22%
Card Name Bruno
22%
Card Name x1 Bucky
22%
Card Name x2 By Order of the Queen
22%
Card Name Villain 3's Villain Cards x3 Cackling Goon
22%
Card Name Cannon
22%
Card Name x3 Capture
22%
Card Name Card Guard: Club
22%
Card Name Card Guard: Diamond
22%
Card Name Card Guard: Heart
22%
Card Name Card Guard: Spade
22%
Card Name x3 Change Form
22%
Card Type Box 7 Cheat
22%
Card Name Chicha
22%
Card Name x1 Chicken Mim
22%
Card Name Villain 4's Fate Cards x3 Clever Disguise
22%
Card Name Colonel
22%
Card Name Cricket
22%
Card Name Cunning
22%
Card Name Cutlass
22%
Card Name x1 Dagger
22%
Card Name x1 Dash
22%
Card Name Dawson
22%
Card Name Deception
22%
Card Name x2 Desperation
22%
Card Name x2 Devious
22%
Card Name x2 Dinglehopper
22%
Card Name Divination
22%
Card Name Down the Rabbit Hole
22%
Card Name Dragon Form
22%
Card Name x2 Dreamless Sleep
22%
Card Name Elastigirl
22%
Card Name Eudora
22%
Card Name Extravagant
22%
Card Name Eye of the Fates
22%
Card Name Felicia
22%
Card Name Flashlight
22%
Card Name Forest of Thorns
22%
Card Name x1 Gazeem
22%
Card Name Villain 10's Villain Cards x5 Gears
22%
Card Name Villain 9's Villain Cards x3 Get Ready to Rumble!
22%
Card Name Give Them a Scare
22%
Card Name Glitch
22%
Card Name x1 Golden Arrow
22%
Card Name Villain 9's Fate Cards x2 Go the Distance
22%
Card Name Greed
22%
Card Name Green Fire
22%
Card Name Grow Giant
22%
Card Name Villain 11's Fate Cards x3 Hakuna Matata
22%
Location Villain 22's Locations Halloween Town
22%
Card Name Hook's Case
22%
Card Name Villain 11's Villain Cards x6 Hungry Hyena
22%
Card Name x1 Huntsman
22%
Card Name Hydros
22%
Card Name Hypnotize
22%
Card Name x3 I'll Fix Ya!
22%
Card Name Illusion Powder
22%
Card Name Imperial Guards
22%
Card Name I Never Go Back on My Word
22%
Card Name x1 Ingenious Device
22%
Card Name Intimidation
22%
Card Name x3 I Said "If"
22%
Card Name Jealousy
22%
Card Name Juju
22%
Card Name King Louie
22%
Card Name King Richard
22%
Location King Stefan's Castle
22%
Card Name Lady Tremaine's Cane
22%
Card Name Lightning Bolt
22%
Card Name Lock
22%
Card Name x4 Long Live the King
22%
Card Name Villain 8's Fate Cards x2 Love's First Kiss
22%
Card Name Lythos
22%
Card Name Magic Tomes
22%
Card Name Malice
22%
Card Name Manipulation
22%
Card Name Marvelous Trap
22%
Card Name Masked Spirits
22%
Card Name Mome Raths
22%
Card Name Monsieur D'Arque
22%
Card Name Mortality Potion
22%
Card Name Mrs. Judson
22%
Card Name Nanny
22%
Card Name Villain 2's Villain Cards x3 Necessary Sacrifice
22%
Card Name Nessus
22%
Card Name Never Land Map
22%
Card Name Nutsy
22%
Card Name Obsession
22%
Card Name Old Hag's Cackle
22%
Card Name Olivia
22%
Card Name x2 Once Upon a Dream
22%
Card Name Oswald the Lucky Rabbit
22%
Card Name Palace Guard
22%
Card Name Patchy Stabbington
22%
Card Name x2 Peasant
22%
Card Name Perdita
22%
Card Name Pickaxe
22%
Card Name Pirate Brute
22%
Card Name Villain 1's Fate Cards x3 Pixie Dust
22%
Card Name Planets Align
22%
Card Name Poor Unfortunate Souls
22%
Card Name Prophecy
22%
Card Name Pyros
22%
Card Name Rage
22%
Card Type Box 6 Remote
22%
Card Name Villain 6's Fate Cards x3 Return to Form
22%
Card Name Rhino Guards
22%
Card Name Villain 14's Villain Cards x5 Royal Guard
22%
Card Name Ruffians
22%
Card Name Ruthless
22%
Card Name Scarab Pendant
22%
Card Name Scream of Fright
22%
Card Name Scrying
22%
Card Name Sergeant Tibbs
22%
Card Name Shadow Man
22%
Card Name Shadow Spirits
22%
Card Name Show Me the Beast!
22%
Card Name Show Me The Black Cauldron
22%
Card Name Sinister Goon
22%
Card Name Skippy
22%
Card Name Sleight of Hand
22%
Card Name Snake Staff
22%
Card Name Snarfblat
22%
Card Name Sorcerous Power
22%
Card Name Spear
22%
Card Name Spinning Wheel
22%
Card Name Splitting Headache
22%
Card Name Staff
22%
Card Name Stampede
22%
Card Name Steal from the Rich
22%
Card Name x1 Stopwatch
22%
Card Name Stratos
22%
Location Villain 23's Location Sugar Rush Speedway
22%
Card Name Swashbuckler
22%
Card Name Sword of Truth
22%
Location Syndrome's Lair
22%
Card Name Villain 8's Villain Cards x5 Take a Bite
22%
Card Name Take the Shot
22%
Card Name Taunt
22%
Card Name Temper
22%
Card Name Terror
22%
Card Name Tile The Black Cauldron
22%
Card Name The Box
22%
Card Name The Cards Will Tell
22%
Card Name The Gospel Truth
22%
Card Name The Mayor of Halloween Town
22%
Card Name The Mob
22%
Card Name The Mouse Queen
22%
Card Name Villain 18's Villain Cards x4 There's Still a Chance
22%
Location Villain 24's Locations The River
22%
Card Name The Robot Queen
22%
Card Name The Rose
22%
Card Name Tick Tock
22%
Card Name Trickery
22%
Card Name Trigger
22%
Card Name Violet
22%
Card Name x3 15 Years Later
17%
Card Name x2 A Cruel Irony
17%
Card Name Villain 12's Villain Cards x3 After Them!
17%
Card Name x2 Aging
17%
Card Name Villain 17's Villain Cards x5 Ancient Soldiers
17%
Card Name x2 And One More Thing
17%
Card Name As Big as a House
17%
Card Name Bank Loot
17%
Card Name Beauty Sleep
17%
Card Name x2 Belle Is Mine
17%
Card Name Villain 16's Fate Cards x2 Be Our Guest
17%
Card Name Villain 12's Fate Cards x3 Beware the Groove
17%
Card Name Villain 18's Fate Cards x3 Bibbidi-Bobbidi-Boo
17%
Card Name x1 Big Baby
17%
Card Name Villain 19's Fate Cards x2 Bonnie's Toys
17%
Card Name x1 Bought and Paid For
17%
Card Name x2 Call for Help
17%
Card Name x1 Captured!
17%
Card Name Villain 20's Merlin Cards x1 Caterpillar Merlin
17%
Card Name Cauldron Born
17%
Card Name Chariot
17%
Card Name Come Into the Light
17%
Location Council Rock
17%
Card Name Cowardice
17%
Card Name Crab Merlin
17%
Card Name Creeper
17%
Card Name Devilish
17%
Card Name x2 Duplicity
17%
Card Name Eavesdrop
17%
Card Name Egomania
17%
Card Name Villain 14's Fate Cards x3 Everyone Has a Dream
17%
Card Name Fake Funeral
17%
Card Name x2 Feeding Frenzy
17%
Card Name Ferocity
17%
Card Name Fflewddur Fflam
17%
Card Name Fidget
17%
Card Name Fidget's List
17%
Card Name Finish the Job
17%
Card Name Fireplace Poker
17%
Card Name Five Dozen Eggs
17%
Card Name Villain 13's Fate Cards x2 Flew the Coop
17%
Card Name Floating Lights
17%
Card Name Fox Mim
17%
Card Name Villain 7's Villain Cards x3 Friends on the Other Side
17%
Card Name Frog Form
17%
Card Name Frying Pan
17%
Card Name Fury
17%
Card Name x1 Get Out!
17%
Card Name Get the Job Done
17%
Card Name Giant Hourglass
17%
Card Name x2 Glass Slipper
17%
Card Name Greatest Criminal Mind
17%
Card Type Box 6 Guardian
17%
Card Name Gurgi
17%
Card Name Gurgi's Sacrifice
17%
Card Name x2 Gwythaints
17%
Card Name Hair Brush
17%
Card Name Here, Puppies
17%
Card Name Hook Hand
17%
Card Name Hunter's Instinct
17%
Card Name Villain 13's Villain Cards x3 I Live for Furs
17%
Card Name I Love You Most
17%
Card Name Villain 5's Fate Cards x2 I'm Late! I'm Late!
17%
Card Name Imprison
17%
Card Name Injustice
17%
Card Name Invitation from the King
17%
Card Name I Rule!
17%
Card Name It Is You
17%
Card Name It's Me, Shere Khan
17%
Card Name I've Never Seen So Many Books
17%
Card Name Jack Skellington
17%
Card Name Jalopy
17%
Card Name Kaa's Eyes
17%
Card Name King Richard's Crown
17%
Card Name Knife
17%
Card Name Villain 20's Fate Cards x4 Knowledge and Wisdom
17%
Card Name Let Down Your Hair
17%
Card Name | Villain 19's Villain Cards x3 Locked Up
17%
Card Name Makes You Larger
17%
Card Name Massaging My Feet
17%
Card Name Misdirection
17%
Card Name Mother Knows Best
17%
Card Name Mouse Merlin
17%
Card Name Narrow Escape
17%
Card Name No Capes!
17%
Card Name Now I'm the Bad Guy
17%
Card Name Villain 5's Villain Cards x3 Off With Your Head!
17%
Card Name Omnidroid v.X10
17%
Card Name Tiles Omnidroid v.X8
17%
Card Name Omnidroid v.X9
17%
Card Name On the Run
17%
Location Oogie Boogie's Lair
17%
Card Name x4 Play a Game
17%
Card Name Princess Eilonwy
17%
Card Name Queen and King
17%
Card Name Villain 10's Fate Cards x3 Queen's Guards
17%
Card Name Rabbit Merlin
17%
Card Name Reckless Driving
17%
Card Type Box 5 Relic
17%
Card Name Reunited
17%
Card Name Revenge
17%
Card Name Rhinoceros Mim
17%
Card Name Right-Hand Man
17%
Card Name Roadster
17%
Card Name Royal Rider
17%
Card Name Sally
17%
Card Name Savage Goon
17%
Card Name Set a Trap
17%
Card Name Sideburns Stabbington
17%
Card Name Smash It with a Hammer
17%
Card Name Smells Like Strawberries
17%
Card Name Sneaky Pete
17%
Card Name Sour Bill
17%
Card Name Spotted
17%
Card Name Steamboat Willie
17%
Card Name Stick with Me
17%
Card Name Superiority
17%
Card Name Sweet Nightingale
17%
Card Name Syndrome's Remote
17%
Card Name Taran
17%
Card Name Telephone
17%
Card Name That Devil Woman
17%
Location The Ancient Ruins
17%
Card Name The Bookworm
17%
Card Name The Claw
17%
Card Name The Devil Take It
17%
Card Name The Evening Star
17%
Location The Graveyard
17%
Card Name The Key
17%
Card Name The Path of Righteousness
17%
Card Name The Path That Rocks
17%
Location The Wastelands
17%
Card Name The Witches of Morva
17%
Card Name Thunderbolt
17%
Card Name Tired
17%
Card Name Tools
17%
Card Name Trapped
17%
Card Name Treachery
17%
Location Tricounty Landfill
17%
Location Trio's Treehouse
17%
Card Name Turtle Merlin
17%
Card Name Tyranny
17%
Card Name Vanellope Von Schweetz
17%
Card Name Vanish
17%
Card Name Voodoo Dolls
17%
Card Name Warrant
17%
Card Name Wedding Bells
17%
Card Name Welcome to Sunnyside
17%
Card Name Where's Your Kid Now?
17%
Card Name Whirlpool
17%
Card Name Villain 2's Fate Cards x3 Wish
17%
Card Name Wishing Well
17%
Card Name Wolf Archers
17%
Card Name Villain 16's Villain Cards x4 Wolves
17%
Card Name Woodland Creatures
17%
Card Name Worthy Opponent
17%
Card Name Wreck-It Ralph
17%
Card Name x1 Air Strike!
11%
Card Name x3 A Sporting Chance
11%
Card Name Battle of Wits
11%
Card Name x3 Beautiful as Me
11%
Card Name Chunk
11%
Card Name Crocodile Mim
11%
Card Name x2 Crushing Blow
11%
Card Name Daisy's Locket
11%
Card Name Dormouse
11%
Card Name Dyrnwyn
11%
Card Name Elephant Mim
11%
Card Name Villain 23's Fate Cards x1 Fix-It Felix Jr.
11%
Card Name Villain 21's Fate Cards x2 Force Field
11%
Card Name Frozone
11%
Card Name Germ Merlin
11%
Card Name Goat Merlin
11%
Card Name Gurgi's Happy Day
11%
Card Name Villain 15's Fate Cards x2 Hide
11%
Card Name Horace Horsecollar
11%
Card Name x3 Horned King's Henchmen
11%
Card Name Identification Please
11%
Card Name I'll Make the Rules
11%
Card Name Villain 20's Villain Cards x4 I'm Not Cheating
11%
Card Name Judgement
11%
Card Name Kaa's Coils
11%
Card Name Knocked Silly
11%
Card Name Lotso Was Special
11%
Card Name Magnificent, Marvelous, Mad
11%
Card Name Villain 21's Villain Cards x4 Major Modifications
11%
Card Name Makeshift Balloon
11%
Card Name Makes You Smaller
11%
Card Name Villain 24's Fate Cards x5 Man's Red Fire
11%
Card Name Medallion
11%
Card Name x2 Mischief
11%
Card Name Villain 24's Villain Cards x6 Monkeys
11%
Card Name Monologuing
11%
Card Name New Toys Don't Stand a Chance
11%
Card Name Not Age Appropriate
11%
Card Name One Way Out
11%
Card Name Only Moments Away From Victory
11%
Card Name x2 Original Factory Settings
11%
Card Name Our Hour Has Arrived
11%
Card Name Outrage
11%
Card Type Box 7 Prisoner
11%
Card Name Purple Dragon Mim
11%
Card Name Rattlesnake Mim
11%
Card Name Royal Robes
11%
Card Name Sabotage
11%
Card Name Sandy Claws
11%
Card Name Security
11%
Card Name Shorty
11%
Card Name Something Snapped
11%
Card Name Spanish Mode
11%
Card Name Stolen Cargo
11%
Card Name Stretch
11%
Card Name Swoon
11%
Card Name Take Me Instead
11%
Card Name Teamwork
11%
Card Name Tiger Mim
11%
Card Name Time to Follow Me!
11%
Card Name Trust In Me
11%
Card Name Uniform
11%
Card Name Vanity
11%
Card Name Very Merry Unbirthday
11%
Card Name Vicious Practical Jokes
11%
Card Name Walrus Merlin
11%
Card Name We're Labradors
11%
Card Name Whatever It Takes
11%
Card Name What Once Was Mine
11%
Card Name Whisper
11%
Card Name Woody's Hat
11%
Card Name Wrong Lever
11%
Card Name You Idiots!
11%
Card Name You Little Thief!
11%
Card Name x1 Andy's Looking For Us
6%
Card Name x1 Barrel
6%
Card Name Bathtub
6%
Card Name x4 Bats
6%
Card Name x2 Bio Probe
6%
Card Name Villain 24's Villain Cards x2 Bravo! Bravo!
6%
Card Name Villain 23's Villain Cards x1 Can't Be Allowed To Race
6%
Card Name Villain 22's Fate Cards x4 Citizens of Halloween Town
6%
Card Name Containment Unit
6%
Card Name x2 Distraction
6%
Card Name x1 Doctor Finkelstein
6%
Card Name x1 Doli
6%
Card Name Duncan And Wynnchel
6%
Card Name Villain 24's Villain Cards x3 Everyone Runs From Shere Khan
6%
Card Name Guard Dog
6%
Card Name Villain 23's Villain Cards x2 Have Some Candy
6%
Card Name Hello, Oogie!
6%
Card Name Villain 24's Fate Cards x2 He's My Friend
6%
Card Name How Interesting... How Delightful
6%
Card Name Villain 17's Fate Cards x2 I Believe in You
6%
Card Name Villain 23's Fate Cards x2 I Finally Have A Real Car!
6%
Card Name Villain 22's Villain Cards x6 Impostor Sandy Claws
6%
Card Name Infiltrate
6%
Card Name Intimidating
6%
Card Name It's a Vacation
6%
Card Name Just Glazed Me
6%
Card Name x3 Loaded Dice
6%
Card Name Locked Up Memories
6%
Card Name Making Christmastime
6%
Card Name Not a Sidekick
6%
Card Name Outlawed
6%
Card Name Out Of Order
6%
Card Name Patrolling All Night Long
6%
Card Name Pay To Race
6%
Card Name Princess Vanellope
6%
Card Name Racers
6%
Card Name Ralph's Hero Medal
6%
Card Name Saving My Life
6%
Card Name Sergeant Tamora Jean Calhoun
6%
Card Name Set Things Right
6%
Card Name Shock
6%
Card Name Sparks
6%
Card Name x2 Spiders
6%
Card Name Sure To Pick Up His Trail
6%
Card Name Taffyta Muttonfudge
6%
Card Name That Was Totally Wicked
6%
Card Name The Beacon
6%
Card Name The Jungle Patrol
6%
Card Name The Most Powerful Virus In The Arcade
6%
Card Name This Time, We Bagged Him
6%
Card Name Tiger By The Tail
6%
Card Name Trick or Treat
6%
Card Name Turbo-Tastic
6%
Card Name Twilight Bark
6%
Card Name Twitch
6%
Card Name Velocipod Patrol
6%
Card Name Visions
6%
Card Name We Got You Now, Pig Keeper
6%
Card Name We Have Made a Bargain
6%
Card Name Wizard's Duel
6%
Card Name Zero
6%
Card Name Zero-Point Energy
6%
Card Name Villain 23's Villain Cards x3 Candy Cy-Bugs
0%
Card Name Maurice's Inverntion
0%
Card Name Ulf
0%
Card Name Unfinished Level
0%
Card Name Vanellope's Medal
0%
Card Name Vultures
0%
Card Name What Did Santa Bring You?
0%
Card Name What Have We Here?
0%
Card Name What's With All The Magic Sparkles?
0%
Card Name Who's Super Now?
0%
Card Name Wolf Pack
0%
Card Name Young and Helpless
0%
Card Name You Will Inform Me First
0%
No matching quizzes found
Score Distribution
Percent of People with Each Score
Percentile by Number Answered
Your Score History
You have not taken this quiz since the last reset